Managerial Economics: Theory and Application (Record no. 5675)

MARC details
000 -LEADER
fixed length control field 00366nam a2200145Ia 4500
008 - FIXED-LENGTH DATA ELEMENTS--GENERAL INFORMATION
fixed length control field 191201s2013 xx 000 0 und d
082 ## - DEWEY DECIMAL CLASSIFICATION NUMBER
Classification number 658.15
Item number MIM
100 ## - MAIN ENTRY--PERSONAL NAME
Personal name MITHANI,D.M
245 #0 - TITLE STATEMENT
Title Managerial Economics: Theory and Application
250 ## - EDITION STATEMENT
Edition statement Rep
260 ## - PUBLICATION, DISTRIBUTION, ETC. (IMPRINT)
Place of publication, distribution, etc N. Delhi
Name of publisher, distributor, etc Himalaya Publication House
Date of publication, distribution, etc 2013
300 ## - PHYSICAL DESCRIPTION
Extent 700
650 ## - SUBJECT ADDED ENTRY--TOPICAL TERM
Topical term or geographic name as entry element BBA
942 ## - ADDED ENTRY ELEMENTS (KOHA)
Source of classification or shelving scheme Dewey Decimal Classification
Koha item type Text Books
Holdings
Withdrawn status Lost status Source of classification or shelving scheme Damaged status Not for loan Collection code Home library Current library Date acquired Source of acquisition Cost, normal purchase price Bill Number Total Checkouts Full call number Acc. no. / Barcode Date last seen Bill Date Koha item type Date last borrowed Public note
    Dewey Decimal Classification     BBA PIET C-LIBRARY PIET C-LIBRARY 14/05/2013 IBH, New Delhi 498.00 1207   658.15 MIM 22063 04/12/2019 09/05/2013 Text Books    
    Dewey Decimal Classification     BBA PIET C-LIBRARY PIET C-LIBRARY 14/05/2013 IBH, New Delhi 498.00 1207 1 658.15 MIM 22064 31/01/2023 09/05/2013 Text Books 20/01/2023  
    Dewey Decimal Classification     BBA PIET C-LIBRARY PIET C-LIBRARY 14/05/2013 IBH, New Delhi 498.00 1207   658.15 MIM 22065 04/12/2019 09/05/2013 Text Books    
    Dewey Decimal Classification     BBA PIET C-LIBRARY PIET C-LIBRARY 14/05/2013 IBH, New Delhi 498.00 1207   658.15 MIM 22066 04/12/2019 09/05/2013 Text Books    
    Dewey Decimal Classification     BBA PIET C-LIBRARY PIET C-LIBRARY 14/05/2013 IBH, New Delhi 498.00 1207 1 658.15 MIM 22067 27/09/2021 09/05/2013 Text Books 30/07/2021  
    Dewey Decimal Classification     BBA PIET C-LIBRARY PIET C-LIBRARY 14/05/2013 IBH, New Delhi 498.00 1207   658.15 MIM 22068 04/12/2019 09/05/2013 Text Books    
    Dewey Decimal Classification     BBA PIET C-LIBRARY PIET C-LIBRARY 14/05/2013 IBH, New Delhi 498.00 1207 5 658.15 MIM 22069 19/06/2025 09/05/2013 Text Books 07/06/2025 .
    Dewey Decimal Classification     BBA PIET C-LIBRARY PIET C-LIBRARY 14/05/2013 IBH, New Delhi 498.00 1207   658.15 MIM 22070 04/12/2019 09/05/2013 Text Books    
    Dewey Decimal Classification     BBA PIET C-LIBRARY PIET C-LIBRARY 14/05/2013 IBH, New Delhi 498.00 1207 1 658.15 MIM 22071 10/08/2021 09/05/2013 Text Books 30/07/2021  
    Dewey Decimal Classification     BBA PIET C-LIBRARY PIET C-LIBRARY 14/05/2013 IBH, New Delhi 498.00 1207 1 658.15 MIM 22072 29/01/2021 09/05/2013 Text Books 15/01/2021  

Design & Developed by: PIET Central Library
R70 Miles Stone Pattikalyana Samalkha Panipat 132102
mail ID :- [email protected], Phone No:- 0180-2569700 Ex.216